000 00535nam a2200169Ia 4500
003 GCL
008 140319s9999 xx 000 0 ara d
040 _aGCL /
_cGCL
082 0 4 _a657.837
_bس ب
100 1 _aسعد عيد مرسى بدر
245 1 0 _aالبناء التنظيمى للفندق دراسة سوسيولوجية للتنظيمات السياحية /
_cسعد عيد مرسى بدر
490 _aكتاب
_v0
650 0 4 _aالفنادق
650 0 4 _aالادارة
650 0 4 _aالسياحة
942 _2ddc
_cBK
999 _c43168
_d43168